জওহরলাল নেহরু / (Record no. 13419)
[ view plain ]
| 000 -LEADER | |
|---|---|
| fixed length control field | 00656nam a2200229 a 4500 |
| 001 - CONTROL NUMBER | |
| JCCL Control Number | 13419 |
| 003 - CONTROL NUMBER IDENTIFIER | |
| JCCL marc code | BD-JhCC |
| 005 - DATE AND TIME OF LATEST TRANSACTION | |
| control field | 20230923121024.0 |
| 008 - FIXED-LENGTH DATA ELEMENTS--GENERAL INFORMATION | |
| fixed length control field | 230917b2018 bg |||| ||a| 000 0 b d |
| 020 ## - INTERNATIONAL STANDARD BOOK NUMBER | |
| International Standard Book Number | 9789844290358 |
| 035 ## - SYSTEM CONTROL NUMBER | |
| system control number | (BD-JhCC)13419 |
| 040 ## - CATALOGING SOURCE | |
| Original cataloging agency | BD-JhCC |
| Modifying agency | BD-JhCC |
| 041 ## - LANGUAGE CODE | |
| Language code of Book | bengali |
| 082 ## - DEWEY DECIMAL CLASSIFICATION NUMBER | |
| Author mark and Year | MUS 2018 |
| 100 ## - MAIN ENTRY--PERSONAL NAME | |
| Personal name | মুস্তফা,আশিক |
| 245 ## - TITLE STATEMENT | |
| Title | জওহরলাল নেহরু / |
| Statement of responsibility, etc | আশিক মুস্তফা |
| 260 ## - PUBLICATION, DISTRIBUTION, ETC. (IMPRINT) | |
| Place of publication, distribution, etc | ঢাকা: |
| Name of publisher, distributor, etc | বাংলা প্রকাশ; |
| Date of publication, distribution, etc | 2018. |
| 300 ## - PHYSICAL DESCRIPTION | |
| Pagination | 95 p. : |
| Dimensions | 20 cm. |
| 650 ## - SUBJECT ADDED ENTRY--TOPICAL TERM | |
| Topical term or geographic name as entry element | Biography |
| Geographic subdivision | Jawaharlal Nehru |
| 942 ## - ADDED ENTRY ELEMENTS (KOHA) | |
| Source of classification or shelving scheme | Dewey Decimal Classification |
| Koha item type | Books |
| Source of classification or shelving scheme | Damaged status | Not for loan | Home library | Current library | Shelving location | Date of accession | Cost, normal purchase price | Full call number | Barcode | Date last seen | Copy number | Method of acquisition | Koha item type | Currency |
|---|---|---|---|---|---|---|---|---|---|---|---|---|---|---|
| Dewey Decimal Classification | JCC Rouf Library | JCC Rouf Library | General Stacks | 09/17/2023 | 120.00 | 923.1 MUS 2018 | 18443 | 09/17/2023 | C-1 | Purchase | Books | BDT |